00728 2200169 4500245003900000250001100039100001700050700001200067650002100079005001900100260004100119041001400160084000800174300002100182500034600203336000900549 aPreman SekolahcChris OetoyohText aCet. 1 aChris Oetoyo aEsti BR aNovel Anak Islam a20231003143715 aYogyakartabMitra Bocah Muslimc2008 aIndonesia a813 a95 hlm. :cilus. aKarena ikut pindah orang tuanya ke daerah, Fariz harus masuk sekolah ditempat yang baru. Ternyata disekolah yang baru, ada anak yang bandelnya minta ampun, namanya Goko. Goko terkenal disekolah sebagai preman disekolah. Goko sudah tiga kali nggak naik kelas. Kenakalan Goko sudah terkenal. Tapi anehnya tiidak ada anak yang berani sama Goko. atext